000
00244nam a22001097a 4500
082
_a
900 DAV'O
100
_a
DAVIES, H. A
_9
57685
245
_a
AN OUTLINE HISTORY OF THE WORLD
260
_a
LONDON
_b
OXFORD
_c
1946
300
_a
575P
942
_c
BK
999
_c
567958
_d
567958